=LDR 00000nam 2200000 4500 =001 INLIS000000000022445 =005 20200603093511 =035 ##$$a 0010-061300000022445 =008 200603###########################0###### =041 ##$$a Ind =082 ##$$a 2X4.12 =090 ##$$a 2X4.12, Has p =100 ##$$a Hassan A =245 1#$$a Pengajaran shalat, Cara shalat beserta dalil-dalilnya, A.Hassan =260 ##$$a 1984 :$b Jawa timur =300 ##$$a 132 hlm, 21 cm =650 #4$$a Tata cara shalat =850 ##$$a NBPNMAT =990 ##$$a 00046139 =990 ##$$a 00054570 =990 ##$$a 00055269